Patología morfológica (Record no. 81266)

MARC details
000 -LEADER
campo de control de longitud fija 00916nam a2200193 i 4500
001 - NÚMERO DE CONTROL
campo de control 81266
003 - IDENTIFICADOR DE NÚMERO DE CONTROL
campo de control ES-MaACL
005 - FECHA Y HORA DE LA ÚLTIMA TRANSACCIÓN
campo de control 20230906174414.0
007 - CAMPO FIJO DE DESCRIPCIÓN FÍSICA--INFORMACIÓN GENERAL
campo de control de longitud fija t|
008 - DATOS DE LONGITUD FIJA--INFORMACIÓN GENERAL
campo de control de longitud fija 041103s1944 sp ||||1| spa d
100 1# - ENTRADA PRINCIPAL--NOMBRE DE PERSONA
Nombre de persona Hueck, Werner.
9 (RLIN) 64529
245 10 - MENCIÓN DEL TÍTULO
Título Patología morfológica
Resto del título : exposición de los fundamentos morfológicos de la anatomía patológica general y especial /
Mención de responsabilidad, etc. por Werner Hueck ; con un apéndice relativo a la Patología morfológica de las enfermedades tropicales, escrito expresamente para esta edición española por Walter Büngeler ; traducido del alemán por G. Sánchez Lucas y R. Alvarez Zamora.
260 ## - PUBLICACIÓN, DISTRIBUCIÓN, ETC.
Lugar de publicación, distribución, etc. Barcelona :
Nombre del editor, distribuidor, etc. Labor,
Fecha de publicación, distribución, etc. 1944 (
Fabricante Tall. Graf. Ibero-Americanos)
300 ## - DESCRIPCIÓN FÍSICA
Extensión XV, 811 p. :
Otras características físicas il. ;
Dimensiones 26 cm.
700 1# - ENTRADA AGREGADA--NOMBRE PERSONAL
Nombre de persona Büngeler, Walter.
9 (RLIN) 32551
700 1# - ENTRADA AGREGADA--NOMBRE PERSONAL
Nombre de persona Sánchez-Lucas, Julio G.
9 (RLIN) 102737
700 1# - ENTRADA AGREGADA--NOMBRE PERSONAL
Nombre de persona Alvarez Zamora, Ramiro.
9 (RLIN) 21007
852 ## - LOCALIZACIÓN
Ubicación ES-MaACL
Número de control de estantería E-117
Sublocalización o colección R.20447
Holdings
Estatus retirado Estado de pérdida Estado de daño No para préstamo Biblioteca de origen Biblioteca actual Ubicación en estantería Fecha de adquisición Fuente de adquisición Total de préstamos Signatura topográfica completa Código de barras Visto por última vez Precio de reemplazo Tipo de ítem Koha
        Biblioteca del Ateneo de Madrid Biblioteca del Ateneo de Madrid Depósito 2 17/01/2008     E-117 1084954 23/02/2023 23/02/2023 Libro impreso